000 00742nam a2200229 a 4500
001 BRCA_8298
005 20190320210221.0
008 160614s1951----sp-a###f##---#001-0#spa-#
041 _aspa
044 _asp
050 4 _aN6502
_b.B54 1951
245 1 0 _a1a. (primera) Bienal hispanoamericana de arte
_bCatálogo
_cintroducción de Eugenio D´Ors.
260 _aMadrid
_bValera
_c1951
300 _axlii, 253 p.
_bil., 160 láminas
_c17 cm.
500 _aIncluye índice alfabético de ilustraciones y de artistas expositores
500 _aS111
650 1 4 _aArte hispanoamericano
_vExposiciones
_920718
650 1 4 _aArte hispanoamericano
_vCatálogos
_920719
700 1 _aD´Ors, Eugenio
_eintr.
_920720
902 _aGFM
942 _2lcc
_cB
999 _c7966
_d7966